000
00341nam a2200145Ia 4500
008
230718s9999 xx 000 0 und d
041
_a
Eng.
082
_a
500
_b
RAH-F
100
_a
Rahman, Dx.ch. Bodnes
245
0
_a
Fundamentals of Computer
260
_a
Pakistan
_b
Geo Publisher
_c
2010
300
_a
224
650
_a
Law
999
_c
26438
_d
26438